Obras publicadas e inéditas de don Gaspar Melchor de Jovellanos /

Guardado en:
Detalles Bibliográficos
Autor principal: Artola, Miguel (autor)
Formato: Libro
Idioma:Español
Publicado: Madrid, España : Atlas, 1956
Colección:(Autores Españoles ; 85)
Temas:
Etiquetas: Agrega una etiqueta
Sin etiquetas, Sé el primero en etiquetar este registro!

MARC

LEADER 00000nam^a2200000^a^4500
001 000002638
005 20250521000000.0
009 20260310083157.087
037 |a Acervo ITESO - Biblioteca 
041 |a ESP 
082 |a 863.  |b ART 
100 |a Artola, Miguel  |e (autor) 
245 1 0 |a Obras publicadas e inéditas de don Gaspar Melchor de Jovellanos /  |c M. Artola. 
264 1 |a Madrid, España :  |b Atlas,  |c 1956 
300 |a 483 p. 
336 |a texto  |b txt  |2 rdacontenido 
337 |a sin mediación  |b n  |2 rdamedio 
338 |a volumen  |b nc  |2 rdasoporte 
440 1 |a (Autores Españoles ;  |v 85) 
649 |a XX 
650 |a Escritores Españoles -  |x Memorias 
650 |a Artículos Periodísticos Españoles 
650 |a Memorias Españolas 
650 |a Literatura Española 
910 |a Fondo General 
920 |a Impresos - Libros 
930 |a Colección General 
940 |a Literatura 
905 |a 101 
901 |a 0026380100  |b IT1  |c LIT  |i 002638  |u 20250521 
902 |a https://opac.biblio.iteso.mx/vufind/Record/000002638